000 01459nam0a22003131 4500
001 rc\3785127
005 20250530051010.0
021 _aRU
_b[76-5362]
035 _a(NLR Aleph) 007237721
090 _a7747116
_c7747116
100 _a20120207d1975 |||y0rusy50 ca
101 0 _arus
102 _aRU
105 _ay z |||||
200 1 _aСвойства и применение защитных покрытий на основе фторлонов и фторлоно-эпоксидных композиций
_fВ.Л. Тризно, Н.А. Бугоркова, Е.М. Бляхман [и др.]
_gЛенингр. организация о-ва "Знание" РСФСР, Ленингр. дом науч.-техн. пропаганды
210 _aЛенинград
_cЛДНТП
_d1975
215 _a22 с.
_cграф.
_d21
225 1 _aСерия "Пластмассы и их применения в промышленности"
320 _aСписок лит.: с. 21 (8 назв.)
606 _aПолимерные покрытия
_2psbo
606 _aСмолы синтетические
_xПрименение в качестве защитных покрытий
_2psbo
701 1 _aБугоркова
_bН.А.
701 1 _aТризно
_bВ.Л.
_gВладимир Львович
701 1 _aБляхман
_bЕ.М.
801 0 _aRU
_bNLR
_gpsbo
801 1 _aRU
_bELAR
_2rusmarc
852 _aNLR
_j76-6/3393
942 _cBOOK
980 _aNB